| 000 | 00740nam a2200229 a 4500 | ||
|---|---|---|---|
| 999 |
_c2317 _d2317 |
||
| 001 | 2317 | ||
| 003 | BD-JhCC | ||
| 005 | 20171101094422.0 | ||
| 008 | 171101s19982009bg |||| ||a| 000 0 ben d | ||
| 020 | _a9847011600871 | ||
| 035 | _a(BD-JhCC)2317 | ||
| 040 |
_aBD-JhCC _dBD-JhCC |
||
| 041 | _aben | ||
| 082 |
_a891.442 _bZAY 2009 |
||
| 100 | _aজয়নুদ্দীন, মোহাম্মদ | ||
| 245 |
_aমুনীর চৌধুরীর সাহিত্যকর্ম / _cমোহাম্মদ জয়নুদ্দীন, |
||
| 260 |
_aঢাকা : _bঅন্বেষা প্রকাশন, _c2009 |
||
| 300 |
_a327 p. : _c22 cm. |
||
| 650 | _aBengali Literature | ||
| 942 |
_2ddc _cBK |
||